000 00294nam a22001337a 4500
008 170609b xxu||||| |||| 00| 0 eng d
020 _a2901593455100
041 _aeng
080 _26TH
_a32
100 _a19
101 _aSHP
245 _aPOLICING IN AMERICA
_cGAINES ,L.K
942 _2udc
_cBK
999 _c16690
_d16690